000 00254nam a2200097Ia 4500
082 _aLP EF HOLM
245 0 _aRoaring Range
100 _a HOLMES, L P Bath, 2009 Large print ed
_974045
942 _cBK
008 210817s9999 xx 000 0 und d
999 _c395355
_d395354